Language Quiz

Random Language Quiz

Surprise Plus S: length 7 part 8 of 8 Quiz Stats

 Plays Quiz not verified by Sporcle

Score 0/100 Timer 20:00
0 Plays Today
Word Word + S % Correct
TRAPPEDSTRAPPED
100%
TRESSESSTRESSES
100%
TOPLESSSPOTLESS
75%
TOPPLEDSTOPPLED
75%
TORREFYFORESTRY
75%
TROKINGSTROKING
75%
TUBBINGSTUBBING
75%
TUMBLEDSTUMBLED
75%
TUMPINGSTUMPING
75%
UNBAKEDSUNBAKED
75%
UNBURNTSUNBURNT
75%
UNCAKEDUNCASKED
75%
UNCUREDUNCURSED
75%
UNOAKEDUNSOAKED
75%
UNRESTSUNSTRESS
75%
UPPILEDSUPPLIED
75%
WAGGINGSWAGGING
75%
WAMPISHSWAMPISH
75%
WANKINGSWANKING
75%
WANNINGSWANNING
75%
WAPPINGSWAPPING
75%
WATCHESSWATCHES
75%
WEAKENSWEAKNESS
75%
WEEPIERSWEEPIER
75%
WEETINGSWEETING
75%
WELLINGSWELLING
75%
WILLINGSWILLING
75%
WINGINGSWINGING
75%
WINGMANSWINGMAN
75%
WINGMENSWINGMEN
75%
WISHINGSWISHING
75%
WITCHEDSWITCHED
75%
WOODMANWOODSMAN
75%
WOODMENWOODSMEN
75%
Word Word + S % Correct
WOOSHEDSWOOSHED
75%
WOTTINGSWOTTING
75%
TOTTINGSTOTTING
50%
TOWNIESSNOWIEST
50%
TOYLIKEYOLKIEST
50%
TRICKIESTICKIER
50%
TRIPPEDSTRIPPED
50%
TROPHICSTROPHIC
50%
TRUCINGCRUSTING
50%
TUNNIESSUNNIEST
50%
TUNNINGSTUNNING
50%
TUSSLEDDUSTLESS
50%
UNBATEDUNBASTED
50%
UNHEARDUNSHARED
50%
UNLACEDUNSCALED
50%
UNLOVEDUNSOLVED
50%
URETERSTRESSURE
50%
VEERIESSEVERIES
50%
VENENESEVENNESS
50%
VIELLESVEILLESS
50%
WEALTHSTHAWLESS
50%
WEENIERWEENSIER
50%
WEENIESSWEENIES
50%
WEEVILSVIEWLESS
50%
WELDORSWORDLESS
50%
WIGLETSTWIGLESS
50%
WINGIERSWINGIER
50%
WINKINGSWINKING
50%
WITCHESSWITCHES
50%
ZINGIERRESIZING
50%
TONNERSSTERNSON
25%
TRICEPSCRISPEST
25%
TRUMPEDDUMPSTER
25%
TRUNKEDDRUNKEST
25%
Word Word + S % Correct
TUBLIKEBULKIEST
25%
TUFTIERTURFIEST
25%
TUFTILYSTULTIFY
25%
TUMMIESMUMSIEST
25%
TUMOURSSTRUMOUS
25%
TUNABLYUNSTABLY
25%
TURKOISKURTOSIS
25%
ULLAGEDGALLUSED
25%
UNAIMEDMAUNDIES
25%
UNLADEDUNSADDLE
25%
UNLEASHUNLASHES
25%
UPREACHPURCHASE
25%
UREDIALRESIDUAL
25%
UREDIUMRESIDUUM
25%
USEABLESUBLEASE
25%
UTTEREDTRUSTEED
25%
VALUINGAVULSING
25%
VARIETYVESTIARY
25%
VEINIERVINERIES
25%
VELUREDREVULSED
25%
VENATICVESICANT
25%
VIOLENTNOVELIST
25%
VOLTAICVOCALIST
25%
WARTIERSTRAWIER
25%
WEDELNSLEWDNESS
25%
WELDINGSWINGLED
25%
WHEREASREWASHES
25%
WITTIERTWISTIER
25%
WOODIERWOODSIER
25%
WORMINGMISGROWN
25%
WOUNDEDSWOUNDED
25%
ZOONINGSNOOZING
25%

You're not logged in!

Compare scores with friends on all Sporcle quizzes.
OR
Log In

Sporcle TV

Today on Sporcle TV


Watch our educational content, quiz creation guides, and fun videos on Sporcle TV.

Show Comments

Extras

Created Sep 12, 2017SourceReportNominate
Tags:US Scrabble

Top Quizzes Today


Score Distribution

Your Account Isn't Verified!

In order to create a playlist on Sporcle, you need to verify the email address you used during registration. Go to your Sporcle Settings to finish the process.

Report this User

Report this user for behavior that violates our Community Guidelines.

Details: